Music Quiz

Random Music or Song Quiz

The Paramore Song By The First Line Quiz Stats

 Plays Quiz not verified by Sporcle

Score 0/25 Timer 10:00
0 Plays Today
Lyrics Song % Correct
i'm in the business of misery lets take it from the topmisery business
95.5%
when i was younger i saw my daddy cry and curse at the windthe only exception
94%
she lives in a fairy tale somewhere to far for us to findbrick by boring brick
92.2%
if i'm a bad person you don't like me well i guess i'll make my own wayignorance
91.6%
i think we have an [song title] i think we have an [song title]emergency
91.1%
i've got a lot to say to you yeah i've got a lot to saycrush
87.4%
how can i decide what's right when your clouding up my minddecode
87.3%
well no sir i don't want to be the blame not anymorethat's what you get
86.6%
i'm sitting in a room made up of only big white walls and in the hallsfences
85.7%
can't make my own decisions or make any with precisionplaying god
85.5%
things are [song title] well finally i thought i'd never see the daylooking up
80.1%
tell me where our time went and if it was time well spentpressure
77.7%
What a shame we all became such fragile broken thingslet the flames begin
77.5%
Lyrics Song % Correct
I'm going away for a while but I'll be back don't try to follow me misguided ghosts
76.4%
think of me when you're out when you're out thereall i wanted
75.6%
I settled down a twisted up frown disguised as a smile wellcareful
75.4%
give me attention i need it now too much distance to measure it out where the lines overlap
74.2%
i scraped my knees while i was praying and found a demon in my safest haventurn it off
72.8%
just talk yourself up and tear yourself downfor a pessimist
71.7%
i just keep on falling (back to the same old)born for this
71.1%
Somehow everything's gonna fall right into place hallelujah
70.4%
i am outside i've been waiting for the sunwe are broken
69%
please speak softly for they will hear usconspiracy
64.7%
we tried so hard to understand but we can'tall we know
64.1%
i am finding out that maybe i was wrongmy heart
63.3%

You're not logged in!

Compare scores with friends on all Sporcle quizzes.
OR
Log In

Show Comments

Extras

Top Quizzes Today


Score Distribution

Your Account Isn't Verified!

In order to create a playlist on Sporcle, you need to verify the email address you used during registration. Go to your Sporcle Settings to finish the process.

Report this User

Report this user for behavior that violates our Community Guidelines.

Details: